Central Library OPAC University of Rajshahi

Essays in monetary economics / (Record no. 3782)

MARC details
000 -LEADER
fixed length control field 00901cam a2200313 4500
001 - CONTROL NUMBER
control field 3782
003 - CONTROL NUMBER IDENTIFIER
rucl marc code BD-RjUL
005 - DATE AND TIME OF LATEST TRANSACTION
control field 20211208233801.0
008 - FIXED-LENGTH DATA ELEMENTS--GENERAL INFORMATION
fixed length control field 160625s1969 enka b 001 0 eng
020 ## - INTERNATIONAL STANDARD BOOK NUMBER
International Standard Book Number 0043301428
035 ## - SYSTEM CONTROL NUMBER
System control number (BD-RjUL)
040 ## - CATALOGING SOURCE
Original cataloging agency DLC
Transcribing agency DLC
Modifying agency DLC
Language of cataloging eng
041 ## - LANGUAGE CODE
Language code of text/sound track or separate title eng
082 00 - DEWEY DECIMAL CLASSIFICATION NUMBER
Classification number 332.401
Author mark and year JOE 1969
100 1# - MAIN ENTRY--PERSONAL NAME
Personal name Johnson, Harry G.
Fuller form of name (Harry Gordon),
Dates associated with a name 1923-1977.
9 (RLIN) 5795
245 10 - TITLE STATEMENT
Title Essays in monetary economics /
Statement of responsibility, etc. [by] Harry G. Johnson.
250 ## - EDITION STATEMENT
Edition statement 2nd ed.
260 ## - PUBLICATION, DISTRIBUTION, ETC. (IMPRINT)
Place of publication, distribution, etc. London :
Name of publisher, distributor, etc. Allen & Unwin,
Date of publication, distribution, etc. 1969.
300 ## - PHYSICAL DESCRIPTION
Pagination xvi, 332 p. :
Illustrations ill. ;
Size 22 cm.
350 ## - PRICE (NR) (BK AM CF MU VM SE) [OBSOLETE]
Price £1.25
490 0# - SERIES STATEMENT
Series statement Unwin university books,
Volume/sequential designation 52
500 ## - GENERAL NOTE
General note "Second impression 1970."
504 ## - BIBLIOGRAPHY, ETC. NOTE
Bibliography, etc Includes bibliographical references.
650 #0 - SUBJECT ADDED ENTRY--TOPICAL TERM
Topical term or geographic name as entry element Money.
9 (RLIN) 12025
Topical term or geographic name as entry element Monetary policy.
9 (RLIN) 12026
Topical term or geographic name as entry element Fiscal policy.
9 (RLIN) 12027
942 ## - ADDED ENTRY ELEMENTS (KOHA)
Source of classification or shelving scheme Dewey Decimal Classification
Koha item type Books
Holdings
Lost status Source of classification or shelving scheme Damaged status Not for loan Collection code Permanent Location Current Location Shelving location Date acquired Source of acquisition Cost, normal purchase price Total Checkouts Full call number Date last seen Copy number Koha item type
  Dewey Decimal Classification     Non-fiction Central Library, University of Rajshahi Central Library, University of Rajshahi   04/12/1975 gonathen 1.50   332.401 JOE 1969 21/12/2013 C-4 Books
  Dewey Decimal Classification     Non-fiction Central Library, University of Rajshahi Central Library, University of Rajshahi   04/12/1975 Jonathan ware & co. 1.50   332.401 JOE 1970 20/02/2014 C-3 Books
  Dewey Decimal Classification     Non-fiction Central Library, University of Rajshahi Central Library, University of Rajshahi   04/12/1975 Jonathan ware & co. 1.50   332.401 JOE 1969 25/06/2016 C-2 Books